{"text_format":"3","workbook":"xlsx","n_sheets":4,"sheets":["8 класс","9 класс","10 класс","11 класс"],"not_rendered":{"defined_names":4},"read":"whole","date_system":"1900"}

{"sheet":"8 класс","index":0,"n_rows":15,"n_cols":14,"rows_kept":15,"merged":[[0,0,0,13]]}
["Протокол по итогам муниципального этапа РОШ по предмету \"ГЕОЛОГИЯ\" Нижнекамского муниципального района в 2023-2024 учебном году"]
[]
["№","Фамилия","Имя","Отчество","Пол","Класс","Класс участия","Первичный балл","Добавлено по итогам апелляции","Итоговый балл","Макс. балл","Статус","Призер РЭ прошлого года","Учитель"]
[1,"Зиганшина","София","Маратовна","ж",8,8,76,null,null,100,null,"нет","Сагдиева Физуня Мустакимовна"]
[2,"Саматов","Бахтияр","Ирекович","м",7,8,55,null,null,100,null,"нет","Латыпова Лилия Захраповна"]
[3,"Гладких","Марк","Андреевич","м",8,8,39.5,null,null,100,null,"нет","Мухамадулин Рустем Данилович"]
[4,"Сибгатуллин","Саид","Айратович","м",8,8,37,null,null,100,null,"нет","Мухамадулин Рустем данилович"]
[5,"Волков","Кирилл","Сергеевич","м",8,8,30.5,null,null,100,null,"нет","Лихманова Надежда Владимировна"]
[6,"Шамсутдинов","Ришат","Ленарович","м",8,8,30,null,null,100,null,"нет","Галлямова Елена Михайловна"]
[7,"Обращенко","Илья","Андреевич","м",8,8,26.5,null,null,100,null,"нет","Кравченко Надежда Константиновна"]
[8,"Лазарев","Алексей","Олегович","м",8,8,23,null,null,100,null,"нет","Мухамадулин Рустем данилович"]
[9,"Сабирова","Лейсан","Айратовна","ж",8,8,23,null,null,100,null,"нет","Капёрская Ольга Викторовна"]
[10,"Матвеев","Никита","Михайлович","м",8,8,20.5,null,null,100,null,"нет","Лихманова Надежда Владимировна"]
[11,"Иванов","Дмитрий","Вячеславович","м",8,8,11,null,null,100,null,"нет","Саушкина Наталья Владимировна"]
[12,"Кузьминых","София","Алексеевна","ж",8,8,10.5,null,null,100,null,"нет","Денисова Нафиса Ильдаровна"]

{"sheet":"9 класс","index":1,"n_rows":16,"n_cols":14,"rows_kept":16,"merged":[[0,0,0,13]]}
["Протокол по итогам муниципального этапа РОШ по предмету \"ГЕОЛОГИЯ\" \nНижнекамского муниципального района в 2023-2024 учебном году"]
[]
["№","Фамилия","Имя","Отчество","Пол","Класс","Класс участия","Первичный балл","Добавлено по итогам апелляции","Итоговый балл","Макс. балл","Статус","Призер РЭ прошлого года","Учитель"]
[1,"Савельев","Захар","Антонович","м",9,9,81,null,null,100,null,"да","Латыпова Лилия Захраповна"]
[2,"Аблакатов","Сергей","Алексеевич","м",9,9,75.5,null,null,100,null,"нет","Сагдиева Физуня Мустакимовна"]
[3,"Камалов","Расул","Ильсурович","м",9,9,75,null,null,100,null,"нет","Латыпова Лилия Захраповна"]
[4,"Сагиров","Булат","Азатович","м",9,9,71,null,null,100,null,"нет","Латыпова Лилия Захраповна"]
[5,"Реимов","Вадим","Андреевич","м",9,9,60.75,null,null,100,null,"нет","Сагдиева Физуня Мустакимовна"]
[6,"Башаров","Никита","Айратович","м",9,9,52.5,null,null,100,null,"нет","Дорофеева Ирина Викторовна"]
[7,"Николаев","Илья","Дмитриевич","м",9,9,52,null,null,100,null,"да","Латыпова Лилия Захраповна"]
[8,"Бикметова","Алина","Рустамовна","ж",9,9,42,null,null,100,null,"нет","Денисова Нафиса Ильдаровна"]
[9,"Салахов","Азат","Илшатович","м",9,9,38.75,null,null,100,null,"нет","Фомина Татьяна Георгиевна"]
[10,"Храмов","Ярослав","Максимович","м",9,9,37.25,null,null,100,null,"нет","Капёрская Ольга Викторовна"]
[11,"Иванов","Евгений","Олегович","м",9,9,32.5,null,null,100,null,"нет","Хайрутдинова Разиля Саяфовна"]
[12,"Камалов","Данис","Расилович","м",9,9,17.25,null,null,100,null,"нет","Шабанова Гульнара Фаритовна"]
[13,"Чутаев","Ярослав","Витальевич","м",9,9,12,null,null,100,null,"нет","Шабанова Гульнара Фаритовна"]

{"sheet":"10 класс","index":2,"n_rows":12,"n_cols":14,"rows_kept":12,"merged":[[0,0,0,13]]}
["Протокол по итогам муниципального этапа РОШ по предмету \"ГЕОЛОГИЯ\" Нижнекамского муниципального района в 2023-2024 учебном году"]
[]
["№","Фамилия","Имя","Отчество","Пол","Класс","Класс участия","Первичный балл","Добавлено по итогам апелляции","Итоговый балл","Макс. балл","Статус","Призер РЭ прошлого года","Учитель"]
[1,"Владимирова","Майя","Андреевна","ж",10,10,72,null,null,100,null,"нет","Латыпова Лилия Захраповна"]
[2,"Александров","Егор","Алексеевич","м",10,10,68.5,null,null,100,null,"нет","Ахтямзянова Альфия Гилимулловна"]
[3,"Тараненко","Даниил","Николаевич","м",10,10,64.5,null,null,100,null,"нет","Ахтямзянова Альфия Гилимулловна"]
[4,"Харисов","Камиль","Ренатович","м",10,10,62.5,null,null,100,null,"нет","Фомина Татьяна Георгиевна"]
[5,"Ахметшина","Эльза","Алмазовна","ж",10,10,56.5,null,null,100,null,"нет","Галлямова Елена Михайловна"]
[6,"Калинин","Николай","Григорьевич","м",10,10,54,null,null,100,null,"нет","Ахтямзянова Альфия Гилимулловна"]
[7,"Гузаева","Дарья","Альбертовна","ж",10,10,42,null,null,100,null,"нет","Капёрская Ольга Викторовна"]
[8,"Николаев","Владислав","Юрьевич","м",10,10,35.5,null,null,100,null,"нет","Саушкина Наталья Владимировна"]
[9,"Шакуров","Артур","Якубович","м",10,10,33.5,null,null,100,null,"нет","Шабанова Гульнара Фаритовна"]

{"sheet":"11 класс","index":3,"n_rows":8,"n_cols":14,"rows_kept":8,"merged":[[0,0,0,13]]}
["Протокол по итогам муниципального этапа РОШ по предмету \"ГЕОЛОГИЯ\" Нижнекамского муниципального района в 2023-2024 учебном году"]
[]
["№","Фамилия","Имя","Отчество","Пол","Класс","Класс участия","Первичный балл","Добавлено по итогам апелляции","Итоговый балл","Макс. балл","Статус","Призер РЭ прошлого года","Учитель"]
[1,"Гайсарова","Арина","Денисовна","ж",11,11,80,null,null,100,null,"да","Латыпова Лилия Захраповна"]
[2,"Мясников","Максим","Игоревич","м",11,11,74.33,null,null,100,null,"да","Сагдиева Физуня Мустакимовна"]
[3,"Ишмуратова","Иделия","Ильсуровна","ж",11,11,61,null,null,100,null,"нет","Сагдиева Физуня Мустакимовна"]
[4,"Шарипова","Резеда","Фердинантовна","ж",11,11,54,null,null,100,null,"нет","Фомина Татьяна Георгиевна"]
[5,"Файзутдинова","Эвелина","Марселевна","ж",11,11,51,null,null,100,null,"нет","Капёрская Ольга Викторовна"]